Visualizzazione normale
Vista MARC
- Saint-Saens Camille
di Personal Name
Records bibliografici associati: 1
001 - CONTROL NUMBER
- control field: 6768
003 - CONTROL NUMBER IDENTIFIER
- control field: IT-RoPau
005 - DATE AND TIME OF LATEST TRANSACTION
- control field: 20131222223337.0
008 - FIXED-LENGTH DATA ELEMENTS
- fixed length control field: 131222|| aca||aabn | a|a d
040 ## - CATALOGING SOURCE
- Original cataloging agency: IT-RoPau
- Transcribing agency: IT-RoPau
100 ## - HEADING--PERSONAL NAME
- Personal name: Saint-Saens Camille
- Miscellaneous information: Codice autore musica SPICS: 10689
- Relator term: Autore musica
- Name of part/section of a work: Samson and Delilah
670 ## - SOURCE DATA FOUND
- Source citation: Work cat.: (IT-RoPau)100485: AA.VV. 794, Enchanted World of Ferrante & Teicher (The)-Lp Uas 6375